QUEST Central Library Banner

Airpollution (Record no. 11177)

MARC details
000 -LEADER
fixed length control field 00393nam a2200145 a 4500
020 ## - INTERNATIONAL STANDARD BOOK NUMBER
ISBN 2857825889 (unknown binding)
020 ## - INTERNATIONAL STANDARD BOOK NUMBER
ISBN 9782857825883 (unknown binding)
100 1# - MAIN ENTRY--AUTHOR NAME
Personal name Agarwal, S K
245 00 - TITLE STATEMENT
Title Airpollution
260 ## - PUBLICATION, DISTRIBUTION, ETC. (IMPRINT)
Place of publication [New Delhi] :
Name of publisher A.P.H
Year of publication 2005
300 ## - PHYSICAL DESCRIPTION
Number of Pages 323 p.
650 ## - SUBJECT ADDED ENTRY--TOPICAL TERM
Topical Term Air Pollution
856 40 - ELECTRONIC LOCATION AND ACCESS
Uniform Resource Identifier http://www.amazon.com/exec/obidos/ASIN/chopaconline-20
942 ## - ADDED ENTRY ELEMENTS (KOHA)
Koha item type Books
Holdings
Withdrawn status Lost status Home library Current library Date acquired Cost, normal purchase price Full call number Accession Number Koha item type
    Central Library, QUEST, Nawabshah Seminar Library, Energy & Environ. Engg. 24/10/2014 1543.00 628.53AGA 35093 Books

Copyright © 2018,The QUEST, Nawabshah, Shaheed Benazirabad. All rights reserved
Mr. G. Farooq Channar (Librarian) QUEST, Nawabshah, Sindh, Pakistan 67480.
 Ph#: |   0244-9370381-4 Ext. 2308   Email| lib@quest.edu.pk   Web|  http://www.quest.edu.pk